000 00937nam0a2200265 4500
001 RU\NLR\ONL1\13431
005 20250613121706.0
035 _a(NLR Aleph) 009642175
090 _a9550683
_c9550683
100 _a20081204d1931 |||y0rusy50 ca
101 0 _amyv
102 _aRU
105 _ay |||||||||
200 1 _aОзимень колыця сукс марто бороцямо
_f[пер. Ф. Буртаева]
210 _aСамара
_cЦентриздатонь Равкунчкань краень отд.
_d1931
215 _a8,[1] с.
_d18
541 1 _aНа борьбу с озимым червем
_zrus
606 1 _aСельскохозяйственные вредители
_91625037
_3RU\NLR\AUTH\661015631
686 1 _aП412
801 0 _aRU
_bNLR
_c20081204
_gPSBO
852 _aNLR
_bОНЛ
_jМорд.э./2-1042
942 _cBOOK
980 _aNB